Statistics for Biggest Black Sea Cities

Click here to take the quiz!

General Stats

  • This quiz has been taken 116 times
    (17 since last reset)
  • The average score is 7 of 23

Answer Stats

HintAnswer% Correct
1,010,537Odesa
100%
547,820Sevastopol
73%
332,686Varna
67%
202,694Burgas
60%
424,281Sochi
60%
263,688Constanța
53%
312,060Trabzon
53%
179,185Batumi
47%
76,746Yalta
47%
710,000Samsun
33%
149,566Kerch
20%
65,439Sokhumi
20%
69,145Feodosia
13%
76,830Gelendzhik
13%
125,682Giresun
13%
273,278Novorossiysk
13%
119,828Rize
13%
101,749Zonguldak
13%
75,865Anapa
7%
229,214Ordu
7%
78,227Ünye
7%
105,719Yevpatoriya
7%
122,282Karadeniz Ereğli
0%

Score Distribution

Percentile by Number Answered

Percent of People with Each Score

Your Score History

You have not taken this quiz since the last reset